00696nam a2200241 a 4500001001300000003000900013005001700022008004100039020000900080082001600089100002400105245002900129260003600158300000900194500003500203505002700238650002100265700002400286902000800310942000700318952011400325999001500439nice12345678IN_TiNIC20260116011757.0050524s0000 dela grp 000 0 urd  ac1000a297.4bNIZ4 aNizamuddin Shaikh,  aFawad Al-Fuad (malfuzat) aDelhibKutub Khana Aziziac0000 a472p aincludes index and biblioraphy2 a4 parts bound together aSufism-Malfoozat1 aNizamuddin Shaikh,  bSRS cBK 001040708StackRoom-aHMIbHMId2007-09-27g10.00l0o297.4 NIZ4p09082r2007-09-27v10.00w2005-05-24yBK c3879d3879